Teorías económicas y convertibilidad (Registro nro. 31409)

Detalles MARC
000 -LEADER
fixed length control field 00328 a2200109 4500
001 - CONTROL NUMBER
control field ART_30538
005 - DATE AND TIME OF LATEST TRANSACTION
control field 20260410162002.0
008 - FIXED-LENGTH DATA ELEMENTS--GENERAL INFORMATION
fixed length control field 260409a
100 1# - MAIN ENTRY--PERSONAL NAME
Personal name Emmerich, Gustavo Ernesto
245 10 - TITLE STATEMENT
Title Teorías económicas y convertibilidad
773 0# - HOST ITEM ENTRY
Title Foro económico
Related parts - Año II, Nº 3 (nov. 1996)
Record control number REV30369

No hay ítems disponibles.